000
00325nam a22001337a 4500
005
20180425123928.0
008
160520b xxu||||| |||| 00| 0 eng d
041
_a
eng
082
_b
3447
_a
510.2462
100
_a
Das H.K.
_9
861
245
_a
Advanced Engineering Mathematics
650
_a
DIPLOMA ENGINEERING
_9
817
942
_c
BK
999
_c
1179
_d
1179